00349nam a2200133Ia 4500008004100000041000800041082001700049100001700066245004500083250001400128260003400142300003200176365000700208240624s9999 xx 000 0 und d aeng a658.4092 KOU aKOUZES JAMES aLEADERSHIP CHALLENGE HOW TO MAKE EXTRAOR a(5th ed.) c2014aNew DelhibJossey- Bass axiii, : 394 : p. : cm. ; 23 cRS